Soy zurdo de nacimiento: las cuecas de Roberto Parra
Guardat en:
| Autor principal: | |
|---|---|
| Format: | Llibre |
| Idioma: | espanyol |
| Publicat: |
Santiago
Lom
2011
|
| Matèries: | |
| Etiquetes: |
Afegir etiqueta
Sense etiquetes, Sigues el primer a etiquetar aquest registre!
|
MARC
| LEADER | 00000cam a2200000 a 4500 | ||
|---|---|---|---|
| 001 | UCF4600 | ||
| 003 | CL-VaPUC | ||
| 008 | 121213e20110000CL |||||||||||||||||spa|d | ||
| 020 | |a 9789560002969 | ||
| 082 | 0 | 4 | |a 780 |b PAR |2 21 |
| 100 | |a Parra, Roberto |q (Parra Sandoval, Roberto) |e autor |9 615154 | ||
| 245 | 1 | 0 | |a Soy zurdo de nacimiento: las cuecas de Roberto Parra |
| 300 | |a 104 p | ||
| 942 | |c BK | ||
| 945 | |d 20121213 00:00:00 |a dcastane | ||
| 260 | |a Santiago |b Lom |c 2011 | ||
| 650 | 0 | |a Cuecas |9 417014 | |
| 650 | 7 | |a CANCIONES FOLKLORICAS CHILENAS |2 CL-VaPUC |9 326576 | |
| 650 | 0 | |a Folklore chileno |9 265536 | |
| 583 | |a last modification |c 20121213 11:07:00 |k Rodrigo Vera | ||
| 999 | |c 350356 |d 350354 | ||
| 952 | |0 0 |1 0 |4 0 |6 780_000000000000000_PAR_2011 |7 0 |8 A |9 453639 |a BIBING |b BIBING |d 2019-11-22 |i 4933494 |l 1 |o 780 PAR 2011 |p 4933494 |r 2025-01-20 |s 2023-11-20 |w 2019-11-22 |y BK |k CUI | ||
| 952 | |0 0 |1 0 |4 0 |6 780_000000000000000_PAR_2011 |7 0 |8 A |9 453640 |a BIBING |b BIBING |d 2019-11-22 |i 4884183 |o 780 PAR 2011 |p 4884183 |r 2025-01-20 |w 2019-11-22 |y BK |k CUI | ||